Eviews 4.1 (Record no. 4947)
[ view plain ]
| 000 -LEADER | |
|---|---|
| fixed length control field | 00932nac a22001811u 4500 |
| 008 - FIXED-LENGTH DATA ELEMENTS--GENERAL INFORMATION | |
| fixed length control field | 100505m19942004cau|||||s|||| 000 0 eng d |
| 020 ## - INTERNATIONAL STANDARD BOOK NUMBER | |
| International Standard Book Number | 0073042102 |
| 082 ## - DEWEY DECIMAL CLASSIFICATION NUMBER | |
| Classification number | 330.0112 |
| Edition number | 22 |
| Item number | GUJ |
| 100 ## - MAIN ENTRY--PERSONAL NAME | |
| Personal name | Gujarat, Damodar N. |
| 9 (RLIN) | 13803 |
| 245 ## - TITLE STATEMENT | |
| Title | Eviews 4.1 |
| Statement of responsibility, etc | Damodar N Gujarati; Quantitative Micro Software (Firm) |
| Name of part/section of a work | Student version |
| 260 ## - PUBLICATION, DISTRIBUTION, ETC. (IMPRINT) | |
| Place of publication, distribution, etc | [Irvine, CA] : |
| Name of publisher, distributor, etc | Quantitative Micro Software, 1994-2004 |
| Date of publication, distribution, etc | 1994-2004 |
| 300 ## - PHYSICAL DESCRIPTION | |
| Extent | 1 CD-ROM : |
| Other physical details | sd., col. ; |
| Dimensions | 4 3/4 in. |
| 520 ## - SUMMARY, ETC. | |
| Summary, etc | Eviews provides sophisticated data analysis, regression, and forecasting tools on Windows-based computers. Areas where Eviews can be useful include: scientific data analysis and evaluation, financial analysis, macroeconomic forecasting, simulation, sales forecasting, and cost analysis. |
| 650 ## - SUBJECT ADDED ENTRY--TOPICAL TERM | |
| Topical term or geographic name as entry element | Economic forecasting. |
| 9 (RLIN) | 3599 |
| 650 ## - SUBJECT ADDED ENTRY--TOPICAL TERM | |
| 9 (RLIN) | 3156 |
| Topical term or geographic name as entry element | Time-series analysis |
| 710 ## - ADDED ENTRY--CORPORATE NAME | |
| 9 (RLIN) | 13804 |
| Corporate name or jurisdiction name as entry element | Quantitative Micro Software (Firm) |
| 942 ## - ADDED ENTRY ELEMENTS (KOHA) | |
| Item type | |
| Call number prefix | 330.0112 GUJ |
| Source of classification or shelving scheme | Dewey Decimal Classification |
| Withdrawn status | Item status | Source of classification or shelving scheme | Materials specified (bound volume or other part) | Damaged status | Not for loan | Vendor | Home library | Current library | Shelving location | Date acquired | Source of acquisition | Total Checkouts | Full call number | Barcode | Date last seen | Koha item type |
|---|---|---|---|---|---|---|---|---|---|---|---|---|---|---|---|---|
| Dewey Decimal Classification | Lost In Inventory_2018-08-12 | Central Library | Central Library | First floor | 02/10/2007 | 1 | 330.0112 GUJ | 000005926 | 24/08/2022 | CD | DVD - (NB) |